000 01084na a2200325 4500
001 22435
003 MIRAKIL
005 20181213155237.0
008 170213b tu 000 0
035 _a22435
040 _aMilas
_btur
_cTR-AnCHP
041 _atur
090 _aSHP 24
111 _aSosyaldemokrat halkçı parti bölge toplantıları -7
_cSiirt
_d28 Şubat-1 Mart 1987
245 _aSosyaldemokrat halkçı parti
_bBölge toplantıları -7
_cSosyaldemokrat Halkçı Parti
246 _aSiirt bölge toplantısı
260 _a[Ankara]
_b[SHP]
_c[t.y.]
300 _a152 s.
_c20 sm.
490 _aSHP yayınları
610 _aSHP
_xTerör ve köy korucuları
_xTerör ve köy korucuları
610 _aSHP
_xRaporlar
_xKarayollarının durumu
610 _aSHP
_xTarım istatistikleri
_yToplantılar
610 _aSHP
_xSiyaset ve yönetim
_yRaporlar
610 _aSHP
_xPropaganda ve ideolojiler
_zSiirt
650 _aTarım
_xİstatistikler
_yRaporlar 1987-
_zTürkiye
710 _aSHP
830 _aSHP yayınları
942 _2ddc
_cBKS
999 _c9180
_d9180